000
nam a22 7a 4500
999
_c
54146
_d
54146
003
OSt
005
20220729111139.0
008
220729b xxu||||| |||| 00| 0 eng d
040
_c
IIMT UNIVERSITY, MEERUT
100
_a
GEETA PRESS
245
_a
KALYAN SHRI GANESH ADANG
260
_a
GEETA PRESS
_b
GORAKHPUR
300
_a
427
942
_2
ddc
_c
09